Derecho médico
Uloženo v:
| Hlavní autor: | |
|---|---|
| Médium: | Kniha |
| Jazyk: | španělština |
| Vydáno: |
Madrid
Tecnos
1986
|
| Témata: | |
| Tagy: |
Přidat tag
Žádné tagy, Buďte první, kdo vytvoří štítek k tomuto záznamu!
|
MARC
| LEADER | 00000nam a2200000 a 4500 | ||
|---|---|---|---|
| 001 | UCY8215 | ||
| 003 | CL-VaPUC | ||
| 008 | 950703e19860000SP |||||||||||||||||spa|d | ||
| 082 | 0 | 4 | |a 344.041 |b MAR |2 21 |
| 100 | |a Martínez-Calcerrada, Luis |e autor |9 450531 | ||
| 245 | 1 | 0 | |a Derecho médico |
| 300 | |a 3 v | ||
| 942 | |c BK | ||
| 945 | |d 19950703 00:00:00 |a aalvarez | ||
| 260 | |a Madrid |b Tecnos |c 1986 | ||
| 500 | |a Contiene v.1: Derecho médico general y especial. v.2: Legislación médica. v.3: Jurisprudencia médica | ||
| 650 | 0 | |a Médicos |9 339460 | |
| 650 | 0 | |a Ética médica |9 312024 | |
| 583 | |a last modification |c 19950703 00:00:00 |k Rodrigo Vera | ||
| 999 | |c 235491 |d 235489 | ||
| 952 | |0 0 |1 0 |4 0 |6 344_041000000000000_MAR_1986 |7 0 |8 A |9 242965 |a BIBDER |b BIBDER |d 2019-11-18 |h v.1 |i 2008122 |o 344.041 MAR 1986 |p 2008122 |r 2023-01-25 |w 2019-11-18 |y BK |k DER | ||
| 952 | |0 0 |1 0 |4 0 |6 344_041000000000000_MAR_1986 |7 0 |8 A |9 242966 |a BIBDER |b BIBDER |d 2019-11-18 |h v.2 |i 2008130 |o 344.041 MAR 1986 |p 2008130 |r 2023-01-25 |w 2019-11-18 |y BK |k DER | ||
| 952 | |0 0 |1 0 |4 0 |6 344_041000000000000_MAR_1986 |7 0 |8 A |9 242967 |a BIBDER |b BIBDER |d 2019-11-18 |h v.3 |i 2008149 |o 344.041 MAR 1986 |p 2008149 |r 2023-01-25 |w 2019-11-18 |y BK |k DER | ||